00301nam a2200121Ia 4500008004100000041000800041082001500049100003400064245001900098260003100117300002000148365001100168240624s9999 xx 000 0 und d aeng a793.73 BAL aBALASUBRAMANIA GIRI PICKBRAIN aKNOW IT BETTER c2000aNew DelhibMacmillan a91p. : cm. ; 26 cRSb35